000 00813nam 22002533 4500
001 201884
011 _dOferta
021 _aPT
_b2183/83
090 _a201884
100 _a20260421d u||y0pory50 ba
101 _apor
102 _aPT
200 _aColóquio. Letras
_fPropriedade e educação Fundação Calouste Gulbenkian
_gdireção Jacinto do Prado Coelho
_bPERIODICOS
_edez anos de literatura portuguesa (1974-1984)
207 _a78
210 _aLisboa
_cFundação Calouste Gulbenkian
_d1984
215 _a119, [1] p.
_cbrochado
_d25 cm
326 _aTrimestral
606 _96
_aLiteratura Portuguesa
675 _a82
_vPT
_zpor
702 _96287
_aCoelho
_bJacinto do Prado
_f1920-1984
710 _913686
_aFundação Calouste Gulbenkian
801 _aPT
_bBMMN
_gRPC
830 _d21/04/2026
990 _cARTIGOS